Methods of recovering energy system; Journal of Economics and Social Sciences; № 8

書誌詳細
Parent link:Journal of Economics and Social Sciences: electronic scientific journal.— , 2012-.— 2312-2978
№ 8.— 2016.— [3 p.]
第一著者: Tsydenov E. A. Evgeny Aleksandrovich
団体著者: Национальный исследовательский Томский политехнический университет (ТПУ) Институт социально-гуманитарных технологий (ИСГТ) Кафедра иностранных языков (ИЯСГТ)
その他の著者: Zeremskaya Yu. A. Yuliya Aleksandrovna
要約:Title screen
The energy system consists of so many nodes and lines that controlling all of them seems to be impossible. Every day unpredictable changes happen in the system because of regime changing, short circuits, lightning strike, etc. It is very important to operate in such a way to minimize the damage of system elements and permanently supply with energy all users of the electrical net. Therefore, operators have to find the optimal solution of this problem. Every method of searching these unpredictable faults to recover energy system has its own benefits. The key ways of recovering energy system after a crash are examined in the paper.
言語:英語
出版事項: 2016
シリーズ:Социологические науки
主題:
オンライン・アクセス:http://earchive.tpu.ru/handle/11683/31273
フォーマット: 電子媒体 図書の章
KOHA link:https://koha.lib.tpu.ru/cgi-bin/koha/opac-detail.pl?biblionumber=563590

MARC

LEADER 00000naa2a2200000 4500
001 563590
005 20231225100650.0
035 |a (RuTPU)RU\TPU\prd\259181 
035 |a RU\TPU\prd\259180 
090 |a 563590 
100 |a 20160610a2016 k y0rusy50 ba 
101 0 |a eng 
102 |a RU 
135 |a drcn ---uucaa 
181 0 |a i  
182 0 |a b 
200 1 |a Methods of recovering energy system  |f E. A. Tsydenov, Yu. A. Zeremskaya 
203 |a Text  |c electronic 
215 |a 1 файл (184 Кб) 
225 1 |a Социологические науки 
300 |a Title screen 
320 |a [References: 3 tit.] 
330 |a The energy system consists of so many nodes and lines that controlling all of them seems to be impossible. Every day unpredictable changes happen in the system because of regime changing, short circuits, lightning strike, etc. It is very important to operate in such a way to minimize the damage of system elements and permanently supply with energy all users of the electrical net. Therefore, operators have to find the optimal solution of this problem. Every method of searching these unpredictable faults to recover energy system has its own benefits. The key ways of recovering energy system after a crash are examined in the paper. 
461 1 |0 (RuTPU)RU\TPU\prd\225573  |x 2312-2978  |t Journal of Economics and Social Sciences  |o electronic scientific journal  |d 2012- 
463 1 |0 (RuTPU)RU\TPU\prd\259146  |t № 8  |v [3 p.]  |d 2016 
610 1 |a труды учёных ТПУ 
610 1 |a электронный ресурс 
610 1 |a электроэнергетика 
610 1 |a энергетика 
610 1 |a электрический режим 
610 1 |a энергетические системы 
700 1 |a Tsydenov  |b E. A.  |c specialist in the field of electrical engineering  |c Senior Laboratory Assistant of] Tomsk Polytechnic University  |f 1996-  |g Evgeny Aleksandrovich  |3 (RuTPU)RU\TPU\pers\46098 
701 1 |a Zeremskaya  |b Yu. A.  |c linguist  |c Associate Professor of Tomsk Polytechnic University, Candidate of philological sciences  |f 1980-  |g Yuliya Aleksandrovna  |3 (RuTPU)RU\TPU\pers\31966  |9 16026 
712 0 2 |a Национальный исследовательский Томский политехнический университет (ТПУ)  |b Институт социально-гуманитарных технологий (ИСГТ)  |b Кафедра иностранных языков (ИЯСГТ)  |3 (RuTPU)RU\TPU\col\18376 
801 1 |a RU  |b 63413507  |c 20090623  |g PSBO 
801 2 |a RU  |b 63413507  |c 20200212  |g PSBO 
856 4 |u http://earchive.tpu.ru/handle/11683/31273 
942 |c BK